• 首页
  • 本馆介绍
  • 公告通知
  • 最新文献
  • 馆藏检索
  • 电子资源
  • 读者导购
  • 参考咨询
  • 我的图书馆
  • 登录
  • 详细信息显示
  • 放入我的书架
  • 预约/预借图书
  • 作者相关作品
  • 分类相关作品
  • 丛书相关作品
  • 出版社相关作品

书目信息

  • 表格格式
  • 工作单格式
  • 卡片格式
书名: Fashion forecasting
作者: Evelyn L. Brannon.
分册号:
分册名:
出版地: New York :
 
出版社: Fairchild Publications
出版时间: 2000.
页数: xix, 442 :
开本: 24 cm.
丛书名:
中图分类号:
科图分类号:
其他分类号: TS941.13
主题词:
电子资源:
000 00626nam 22000205i 450
001 0201150595
005 20070317084641.06
008 000320m2000 u y a b 001 0
020    @a1563672065 :@c608.00.
041    @aeng
090    @aF416.86
090    @aTs941.13
099    @dTS941.13@ex3
100 1  @aBrannon@cEvelyn L.
245 10 @aFashion forecasting / @cEvelyn L. Brannon.
260 1  @aNew York :@bFairchild Publications,@c2000.
300    @axix, 442 :@bill. ;@c24 cm.
504    @aIncludes bibliographical references (p. 418-433) and index.
650  4 @aFashion@xForecasting.
650  4 @aClothing trade@xForecasting.
    
    Fashion forecasting / / Evelyn L. Brannon.-New York : : Fairchild Publications, , 2000.
    xix, 442 : : ill. ; ; 24 cm.
    Includes bibliographical references (p. 418-433) and index.
    
    ISBN 1563672065 :608.00.
    
●
相关链接 在E读中查询图书 在五车中查询图书 在当当中查询图书 在豆瓣中查询图书


正题名:Fashion forecasting     索取号:TS941.13/x3         预约/预借

序号 登录号 条形码 馆藏地/架位号 状态 备注
1 0002458   300024587   第二样本阅览室/ [索取号:TS941.13/x3] 在馆    
2 0002459   300024596   第四借阅区/ [索取号:TS941.13/x3] 在馆    
唐山师范学院图书馆 欢迎您!
大连网信软件有限公司© 版权所有